Microeconomía
Guardat en:
| Autors principals: | , , |
|---|---|
| Format: | Llibre |
| Idioma: | espanyol |
| Publicat: |
Buenos Aires
Pearson Education
2000
|
| Matèries: | |
| Etiquetes: |
Afegir etiqueta
Sense etiquetes, Sigues el primer a etiquetar aquest registre!
|
MARC
| LEADER | 00000nam a2200000 a 4500 | ||
|---|---|---|---|
| 001 | UCM0870 | ||
| 003 | CL-VaPUC | ||
| 008 | 020315e20000000AG |||||||||||||||||spa|d | ||
| 082 | 0 | 4 | |a 338.5 |b PIN |2 21 |
| 100 | 0 | |a Pindyck, Robert S |e author |9 467907 | |
| 700 | 0 | |a Rubinfeld, Daniel L |e author |9 467908 | |
| 700 | 0 | |a Beker, Víctor Alberto |e author |9 467909 | |
| 245 | 1 | 0 | |a Microeconomía |
| 300 | |a 516 p | ||
| 942 | |c BK | ||
| 945 | |d 20020315 00:00:00 |a cmena | ||
| 260 | |a Buenos Aires |b Pearson Education |c 2000 | ||
| 650 | 0 | |a Política económica |9 255029 | |
| 650 | 0 | |a Toma de decisiones |9 257530 | |
| 650 | 0 | |a Planificación estratégica |9 259735 | |
| 583 | |a last modification |c 20190731 02:07:23 |k Rodrigo Vera | ||
| 999 | |c 299678 |d 299676 | ||
| 952 | |0 0 |1 0 |4 0 |6 338_500000000000000_PIN_2000 |7 0 |8 A |9 356493 |a BIBALI |b BIBALI |c RES |d 2019-11-21 |i 3799522 |o 338.5 PIN 2000 |p 3799522 |r 2025-01-20 |w 2019-11-21 |y BK_R |k ALI | ||
| 952 | |0 0 |1 0 |4 0 |6 338_500000000000000_PIN_2000 |7 0 |8 A |9 356494 |a BIBALI |b BIBALI |c RES |d 2019-11-21 |i 3799530 |o 338.5 PIN 2000 |p 3799530 |r 2025-01-20 |w 2019-11-21 |y BK_R |k ALI | ||
| 952 | |0 0 |1 0 |4 0 |6 338_500000000000000_PIN_2000 |7 0 |8 A |9 356495 |a BIBALI |b BIBALI |c RES |d 2019-11-21 |i 3799549 |l 6 |m 3 |o 338.5 PIN 2000 |p 3799549 |q 2025-07-31 |r 2023-07-12 |s 2023-07-12 |w 2019-11-21 |y BK_R |k ALI | ||
| 952 | |0 0 |1 0 |4 0 |6 338_500000000000000_PIN_2000 |7 0 |8 A |9 356496 |a BIBALI |b BIBALI |c RES |d 2019-11-21 |i 3799557 |o 338.5 PIN 2000 |p 3799557 |r 2025-01-20 |w 2019-11-21 |y BK_R |k ALI | ||
| 952 | |0 0 |1 0 |4 0 |6 338_500000000000000_PIN_2000 |7 0 |8 A |9 356497 |a BIBALI |b BIBALI |c RES |d 2019-11-21 |i 3849619 |o 338.5 PIN 2000 |p 3849619 |r 2025-01-20 |w 2019-11-21 |y BK_R |k ALI | ||